000 00762nam a2200289Ia 4500
005 20260324114500.0
008 008 260324s9999 xx 000 0 eng d
020 _a9781003277323
037 _aEBOOK
040 _aCRL
040 _beng
040 _cCRL
041 _2eng
041 _aeng
084 _qCRL
100 _aAmit Kumar Tyagi; Niladhuri Sreenath
_91150947
245 0 _aHandbook of Research of Internet of Things and Cyber-Physical Systems
245 3 _bAn Integrative Approach to an Interconnected Future
260 _bTaylor and Francis
260 _c2022
365 _a
365 _b400
856 _uhttp://www.taylorfrancis.com/books/9781003277323
942 _cEBOOK
999 _c1741158
_d1741158